| 000 | 00401pam a2200157a 44500 | ||
|---|---|---|---|
| 008 | 230515b2003 xxu||||| |||| 00| 0 eng d | ||
| 020 | _a81-86937-53-6 | ||
| 041 | _aENGLISH | ||
| 082 | _a614 | ||
| 100 | _aSING L B | ||
| 245 | _aPOISONOUS(VISA)PLANTS IN AYURVEDA. | ||
| 250 | _a2 | ||
| 260 |
_aVARANASI _bCHAUKHAMBA SANSKRUT _c2003 |
||
| 300 | _a215 | ||
| 650 | _aPOISONOUS(VISA)PLANTS IN AYURVEDA. | ||
| 999 |
_c482006 _d482006 |
||